{"text_format":"3","workbook":"xlsx","n_sheets":1,"sheets":["t135"],"read":"whole","date_system":"1900"}

{"sheet":"t135","index":0,"n_rows":181,"n_cols":7,"rows_kept":181,"merged":[[0,0,0,6],[30,0,30,5],[46,0,46,5],[148,0,148,5]]}
["TABELA 135.1 - Estatísticas Agrícolas, Município de Colina, Estado de São Paulo, 2007/08."]
["ITEM","UNIDADE","N.DE UPAs","MÍNIMO","MÉDIO","MÁXIMO","TOTAL"]
["Distância à sede do município","km",296,{"v":1,"d":"1.0"},{"v":9.83,"d":"9.8"},{"v":31,"d":"31.0"},"-"]
["Área total","hectare",296,2.4,{"v":136.95,"d":"137.0"},{"v":2178,"d":"2,178.0"},{"v":40538.5,"d":"40,538.5"}]
["Área com cultura perene","hectare",106,0.2,{"v":51.92,"d":"51.9"},{"v":771,"d":"771.0"},{"v":5503,"d":"5,503.0"}]
["Área com cultura temporária","hectare",260,0.2,{"v":103.73,"d":"103.7"},835.6,{"v":26968.9,"d":"26,968.9"}]
["Área com pastagem","hectare",135,0.2,{"v":31.85,"d":"31.9"},{"v":1785,"d":"1,785.0"},{"v":4300.3,"d":"4,300.3"}]
["Área com reflorestamento","hectare",15,0.4,3.7,{"v":20,"d":"20.0"},55.5]
["Área com vegetação natural","hectare",51,0.3,{"v":20.08,"d":"20.1"},{"v":205,"d":"205.0"},{"v":1024.1,"d":"1,024.1"}]
["Área com vegetação de brejo e várzea","hectare",198,0.2,6.9,{"v":90,"d":"90.0"},{"v":1366.3,"d":"1,366.3"}]
["Área em descanso","hectare",10,{"v":1,"d":"1.0"},{"v":29.31,"d":"29.3"},{"v":120,"d":"120.0"},293.1]
["Área complementar","hectare",289,0.1,{"v":3.55,"d":"3.6"},70.8,{"v":1027.3,"d":"1,027.3"}]
["Área das UPAs com (0, 1] ha","hectare","-","-","-","-","-"]
["Área das UPAs com (1, 2] ha","hectare","-","-","-","-","-"]
["Área das UPAs com (2, 5] ha","hectare",13,2.4,{"v":3.65,"d":"3.7"},{"v":5,"d":"5.0"},47.4]
["Área das UPAs com (5, 10] ha","hectare",16,5.2,{"v":7.73,"d":"7.7"},{"v":10,"d":"10.0"},123.7]
["Área das UPAs com (10, 20] ha","hectare",31,10.1,{"v":15.91,"d":"15.9"},19.8,493.1]
["Área das UPAs com (20, 50] ha","hectare",92,21.1,{"v":32.35,"d":"32.4"},49.4,{"v":2976.2,"d":"2,976.2"}]
["Área das UPAs com (50, 100] ha","hectare",45,50.1,{"v":68.94,"d":"68.9"},{"v":98,"d":"98.0"},{"v":3102.4,"d":"3,102.4"}]
["Área das UPAs com (100, 200] ha","hectare",41,102.6,{"v":142.76,"d":"142.8"},195.1,{"v":5853.3,"d":"5,853.3"}]
["Área das UPAs com (200, 500] ha","hectare",36,203.8,{"v":311.46,"d":"311.5"},{"v":498,"d":"498.0"},{"v":11212.5,"d":"11,212.5"}]
["Área das UPAs com (500, 1.000] ha","hectare",20,502.9,{"v":660.12,"d":"660.1"},992.9,{"v":13202.3,"d":"13,202.3"}]
["Área das UPAs com (1.000, 2.000] ha","hectare",1,{"v":1349.6,"d":"1,349.6"},{"v":1349.6,"d":"1,349.6"},{"v":1349.6,"d":"1,349.6"},{"v":1349.6,"d":"1,349.6"}]
["Área das UPAs com (2.000, 5.000] ha","hectare",1,{"v":2178,"d":"2,178.0"},{"v":2178,"d":"2,178.0"},{"v":2178,"d":"2,178.0"},{"v":2178,"d":"2,178.0"}]
["Área das UPAs com (5.000, 10.000] ha","hectare","-","-","-","-","-"]
["Área das UPAs acima de 10.000 ha","hectare","-","-","-","-","-"]
["Familiares do proprietário que trabalham na UPA","unidade",136,{"v":1,"d":"1.0"},{"v":1.46,"d":"1.5"},{"v":8,"d":"8.0"},{"v":199,"d":"199.0"}]
["Trabalhadores permanentes","unidade",169,{"v":1,"d":"1.0"},{"v":4.63,"d":"4.6"},{"v":90,"d":"90.0"},{"v":782,"d":"782.0"}]
["Fonte: Secretaria de Agricultura e Abastecimento, CDRS/IEA, Projeto LUPA."]
[]
["TABELA 135.2 - Explorações Animais, Município de Colina, Estado de São Paulo, 2007/08."]
["ITEM","UNIDADE","N.DE UPAs","MÍNIMO","MÉDIO","MÁXIMO","TOTAL"]
["Asininos E Muares","cabeças",2,{"v":20,"d":"20.0"},29.5,{"v":39,"d":"39.0"},{"v":59,"d":"59.0"}]
["Avicultura de Corte","cabeças/ano",7,{"v":50,"d":"50.0"},{"v":122321.43,"d":"122,321.4"},{"v":250000,"d":"250,000.0"},{"v":856250,"d":"856,250.0"}]
["Avicultura Ornamental/Decorativa/Exótica","cabeças",1,{"v":80,"d":"80.0"},{"v":80,"d":"80.0"},{"v":80,"d":"80.0"},{"v":80,"d":"80.0"}]
["Avicultura para Ovos","cabeças",2,{"v":50,"d":"50.0"},{"v":125,"d":"125.0"},{"v":200,"d":"200.0"},{"v":250,"d":"250.0"}]
["Bovinocultura de Corte","cabeças",18,{"v":11,"d":"11.0"},{"v":183.67,"d":"183.7"},{"v":602,"d":"602.0"},{"v":3306,"d":"3,306.0"}]
["Bovinocultura Leiteira","cabeças",50,{"v":2,"d":"2.0"},{"v":14.36,"d":"14.4"},{"v":70,"d":"70.0"},{"v":718,"d":"718.0"}]
["Bovinocultura Mista","cabeças",63,{"v":4,"d":"4.0"},{"v":56.17,"d":"56.2"},{"v":1200,"d":"1,200.0"},{"v":3539,"d":"3,539.0"}]
["Caprinocultura","cabeças",2,{"v":9,"d":"9.0"},9.5,{"v":10,"d":"10.0"},{"v":19,"d":"19.0"}]
["Equinocultura","cabeças",88,{"v":1,"d":"1.0"},{"v":8.68,"d":"8.7"},{"v":210,"d":"210.0"},{"v":764,"d":"764.0"}]
["Ovinocultura","cabeças",24,{"v":8,"d":"8.0"},{"v":52.92,"d":"52.9"},{"v":220,"d":"220.0"},{"v":1270,"d":"1,270.0"}]
["Piscicultura","m² tanques",4,{"v":140,"d":"140.0"},{"v":4475,"d":"4,475.0"},{"v":9460,"d":"9,460.0"},{"v":17900,"d":"17,900.0"}]
["Suinocultura","cabeças",5,{"v":10,"d":"10.0"},{"v":1295,"d":"1,295.0"},{"v":4000,"d":"4,000.0"},{"v":6475,"d":"6,475.0"}]
["Fonte: Secretaria de Agricultura e Abastecimento, CDRS/IEA, Projeto LUPA."]
[]
["TABELA 135.3 -  Máquinas, Implementos e Benfeitorias, Município de Colina, Estado de São Paulo, 2007/08."]
["ITEM","UNIDADE","N.DE UPAs","MÍNIMO","MÉDIO","MÁXIMO","TOTAL"]
["Arado Comum (Bacia, Aiveca)","Unidade",39,{"v":1,"d":"1.0"},{"v":1.62,"d":"1.6"},{"v":8,"d":"8.0"},{"v":63,"d":"63.0"}]
["Arado Escarificador","Unidade",4,{"v":1,"d":"1.0"},{"v":1.75,"d":"1.8"},{"v":3,"d":"3.0"},{"v":7,"d":"7.0"}]
["Arado Subsolador","Unidade",38,{"v":1,"d":"1.0"},{"v":1.26,"d":"1.3"},{"v":3,"d":"3.0"},{"v":48,"d":"48.0"}]
["Colhedeira Automotriz","Unidade",3,{"v":1,"d":"1.0"},{"v":1.33,"d":"1.3"},{"v":2,"d":"2.0"},{"v":4,"d":"4.0"}]
["Computador","Unidade",11,{"v":1,"d":"1.0"},{"v":2.09,"d":"2.1"},{"v":4,"d":"4.0"},{"v":23,"d":"23.0"}]
["Conj.Irrigação Autopropelido","Unidade",5,{"v":1,"d":"1.0"},1.6,{"v":3,"d":"3.0"},{"v":8,"d":"8.0"}]
["Conj.Irrigação Convencional","Unidade",7,{"v":1,"d":"1.0"},{"v":1.71,"d":"1.7"},{"v":4,"d":"4.0"},{"v":12,"d":"12.0"}]
["Conj.Irrigação Pivot Central","Unidade",4,{"v":1,"d":"1.0"},{"v":1,"d":"1.0"},{"v":1,"d":"1.0"},{"v":4,"d":"4.0"}]
["Conj.Irrigação/Gotejamento/Microaspersão","Unidade",7,{"v":1,"d":"1.0"},{"v":1.14,"d":"1.1"},{"v":2,"d":"2.0"},{"v":8,"d":"8.0"}]
["Conjunto de Fenação","Unidade",5,{"v":1,"d":"1.0"},1.2,{"v":2,"d":"2.0"},{"v":6,"d":"6.0"}]
["Desintegrador de Palha (Plantio Direto)","Unidade",1,{"v":1,"d":"1.0"},{"v":1,"d":"1.0"},{"v":1,"d":"1.0"},{"v":1,"d":"1.0"}]
["Desintegrador, Picador, Triturador","Unidade",80,{"v":1,"d":"1.0"},{"v":1.09,"d":"1.1"},{"v":3,"d":"3.0"},{"v":87,"d":"87.0"}]
["Distribuidor de Calcário","Unidade",51,{"v":1,"d":"1.0"},1.2,{"v":3,"d":"3.0"},{"v":61,"d":"61.0"}]
["Ensiladeira","Unidade",5,{"v":1,"d":"1.0"},{"v":1,"d":"1.0"},{"v":1,"d":"1.0"},{"v":5,"d":"5.0"}]
["Grade Aradora (Tipo Romi)","Unidade",97,{"v":1,"d":"1.0"},{"v":1.87,"d":"1.9"},{"v":6,"d":"6.0"},{"v":181,"d":"181.0"}]
["Grade Niveladora","Unidade",118,{"v":1,"d":"1.0"},1.9,{"v":8,"d":"8.0"},{"v":224,"d":"224.0"}]
["Implementos para Tração Animal","Unidade",1,{"v":5,"d":"5.0"},{"v":5,"d":"5.0"},{"v":5,"d":"5.0"},{"v":5,"d":"5.0"}]
["Microtrator","Unidade",1,{"v":1,"d":"1.0"},{"v":1,"d":"1.0"},{"v":1,"d":"1.0"},{"v":1,"d":"1.0"}]
["Misturador de Ração","Unidade",2,{"v":1,"d":"1.0"},{"v":1,"d":"1.0"},{"v":1,"d":"1.0"},{"v":2,"d":"2.0"}]
["Ordenhadeira Mecânica","Unidade",2,{"v":1,"d":"1.0"},{"v":1,"d":"1.0"},{"v":1,"d":"1.0"},{"v":2,"d":"2.0"}]
["Pulverizador Tratorizado","Unidade",96,{"v":1,"d":"1.0"},{"v":1.88,"d":"1.9"},{"v":18,"d":"18.0"},{"v":180,"d":"180.0"}]
["Resfriador de Leite, Tanque Expansão","Unidade",4,{"v":1,"d":"1.0"},{"v":1,"d":"1.0"},{"v":1,"d":"1.0"},{"v":4,"d":"4.0"}]
["Semeadeira/Adubadeira para Plantio Convencional","Unidade",53,{"v":1,"d":"1.0"},{"v":1.11,"d":"1.1"},{"v":2,"d":"2.0"},{"v":59,"d":"59.0"}]
["Semeadeira/Plantadeira Plantio Direto","Unidade",2,{"v":1,"d":"1.0"},{"v":1,"d":"1.0"},{"v":1,"d":"1.0"},{"v":2,"d":"2.0"}]
["Terraceador","Unidade",13,{"v":1,"d":"1.0"},{"v":1.15,"d":"1.2"},{"v":2,"d":"2.0"},{"v":15,"d":"15.0"}]
["Trator de Pneus","Unidade",158,{"v":1,"d":"1.0"},{"v":2.19,"d":"2.2"},{"v":16,"d":"16.0"},{"v":346,"d":"346.0"}]
["Açude/Represa","Unidade",48,{"v":1,"d":"1.0"},1.4,{"v":4,"d":"4.0"},{"v":67,"d":"67.0"}]
["Almoxarifado/Oficina","Unidade",46,{"v":1,"d":"1.0"},{"v":1.09,"d":"1.1"},{"v":2,"d":"2.0"},{"v":50,"d":"50.0"}]
["Armazém para Grãos Ensacados","Sacas",13,{"v":1,"d":"1.0"},{"v":1080.85,"d":"1,080.9"},{"v":8000,"d":"8,000.0"},{"v":14051,"d":"14,051.0"}]
["Balança para Bovinos","Unidade",7,{"v":1,"d":"1.0"},{"v":1,"d":"1.0"},{"v":1,"d":"1.0"},{"v":7,"d":"7.0"}]
["Balança para Veículos","Unidade",1,{"v":1,"d":"1.0"},{"v":1,"d":"1.0"},{"v":1,"d":"1.0"},{"v":1,"d":"1.0"}]
["Barracão para Granja/Avicultura","Unidade",6,{"v":1,"d":"1.0"},{"v":1.33,"d":"1.3"},{"v":2,"d":"2.0"},{"v":8,"d":"8.0"}]
["Barracão/Galpão/Garagem","Unidade",153,{"v":1,"d":"1.0"},{"v":1.18,"d":"1.2"},{"v":5,"d":"5.0"},{"v":180,"d":"180.0"}]
["Biodigestor","Unidade",1,{"v":1,"d":"1.0"},{"v":1,"d":"1.0"},{"v":1,"d":"1.0"},{"v":1,"d":"1.0"}]
["Casa de Moradia Habitada","Unidade",172,{"v":1,"d":"1.0"},{"v":2.41,"d":"2.4"},{"v":40,"d":"40.0"},{"v":414,"d":"414.0"}]
["Casa de Moradia Total","Unidade",197,{"v":1,"d":"1.0"},{"v":3.04,"d":"3.0"},{"v":55,"d":"55.0"},{"v":599,"d":"599.0"}]
["Curral/Mangueira","Unidade",100,{"v":1,"d":"1.0"},{"v":1.06,"d":"1.1"},{"v":5,"d":"5.0"},{"v":106,"d":"106.0"}]
["Depósito/Tulha","Unidade",100,{"v":1,"d":"1.0"},{"v":1.06,"d":"1.1"},{"v":4,"d":"4.0"},{"v":106,"d":"106.0"}]
["Engenho","Unidade",1,{"v":1,"d":"1.0"},{"v":1,"d":"1.0"},{"v":1,"d":"1.0"},{"v":1,"d":"1.0"}]
["Estábulo","Unidade",4,{"v":1,"d":"1.0"},1.5,{"v":2,"d":"2.0"},{"v":6,"d":"6.0"}]
["Estufa/Plasticultura","m²",6,{"v":1,"d":"1.0"},883.5,{"v":3000,"d":"3,000.0"},{"v":5301,"d":"5,301.0"}]
["Fábrica de Ração","Unidade",1,{"v":1,"d":"1.0"},{"v":1,"d":"1.0"},{"v":1,"d":"1.0"},{"v":1,"d":"1.0"}]
["Instalações para Equinos","Unidade",28,{"v":1,"d":"1.0"},{"v":1.14,"d":"1.1"},{"v":4,"d":"4.0"},{"v":32,"d":"32.0"}]
["Máquina de Benefício","Unidade",1,{"v":1,"d":"1.0"},{"v":1,"d":"1.0"},{"v":1,"d":"1.0"},{"v":1,"d":"1.0"}]
["Pocilga","Unidade",5,{"v":1,"d":"1.0"},1.6,{"v":3,"d":"3.0"},{"v":8,"d":"8.0"}]
["Poço Semi-Artesiano","Unidade",91,{"v":1,"d":"1.0"},{"v":1.05,"d":"1.1"},{"v":3,"d":"3.0"},{"v":96,"d":"96.0"}]
["Posto Meteorológico","Unidade",1,{"v":1,"d":"1.0"},{"v":1,"d":"1.0"},{"v":1,"d":"1.0"},{"v":1,"d":"1.0"}]
["Silo para Silagem","t",3,{"v":1,"d":"1.0"},{"v":167,"d":"167.0"},{"v":300,"d":"300.0"},{"v":501,"d":"501.0"}]
["Terreiro","m²",3,{"v":1,"d":"1.0"},{"v":417,"d":"417.0"},{"v":950,"d":"950.0"},{"v":1251,"d":"1,251.0"}]
["Fonte: Secretaria de Agricultura e Abastecimento, CDRS/IEA, Projeto LUPA."]
[]
["TABELA 135.4 - Outras Estatísticas Agrícolas, Município de Colina, Estado de São Paulo, 2007/08."]
["ITEM","Número de UPAs",null,"Percentual"]
["Faz Parte de Associação de Produtores",188,null,{"v":63.513513513513516,"d":"63.5"}]
["Faz Parte de Cooperativa de Produtores",204,null,{"v":68.91891891891892,"d":"68.9"}]
["Faz Parte do Sindicato de Produtores",98,null,{"v":33.108108108108105,"d":"33.1"}]
["Não utiliza assistência técnica ",46,null,{"v":15.54054054054054,"d":"15.5"}]
["Utiliza somente assistência técnica governamental ",38,null,{"v":12.837837837837839,"d":"12.8"}]
["Utiliza somente assistência técnica privada ",125,null,{"v":42.229729729729726,"d":"42.2"}]
["Utiliza assistência técnica tanto governamental quanto privada",87,null,{"v":29.39189189189189,"d":"29.4"}]
["Utiliza Crédito Rural",95,null,{"v":32.09459459459459,"d":"32.1"}]
["Utiliza Seguro Rural",55,null,{"v":18.58108108108108,"d":"18.6"}]
["Utiliza Escrituração Agrícola",142,null,{"v":47.97297297297297,"d":"48.0"}]
["Acessa Internet p/ Fins na Agropecuária",139,null,{"v":46.95945945945945,"d":"47.0"}]
["Utiliza Computador nas Atividades Agropecuárias",126,null,{"v":42.56756756756757,"d":"42.6"}]
["Utiliza Energia Elétrica Para Uso na Atividade Agrícola",235,null,{"v":79.39189189189189,"d":"79.4"}]
["Realiza Análise de Solo, quando necessário",284,null,{"v":95.94594594594594,"d":"95.9"}]
["Utiliza Práticas de Conservação de Solo, quando necessário",285,null,{"v":96.28378378378379,"d":"96.3"}]
["Faz Adubação Mineral, quando necessário",287,null,{"v":96.95945945945945,"d":"97.0"}]
["Faz Adubação Orgânica, quando necessário",56,null,{"v":18.91891891891892,"d":"18.9"}]
["Faz Adubação Verde, quando necessário",55,null,{"v":18.58108108108108,"d":"18.6"}]
["Utiliza Manejo Integrado de Pragas (MIP)",34,null,{"v":11.486486486486488,"d":"11.5"}]
["Utiliza Hidroponia","-",null,"-"]
["Utiliza Plasticultura",5,null,{"v":1.6891891891891893,"d":"1.7"}]
["Utiliza Mudas Fiscalizadas",206,null,{"v":69.5945945945946,"d":"69.6"}]
["Utiliza Semente Melhorada",146,null,{"v":49.32432432432433,"d":"49.3"}]
["Faz Confinamento de Bovinos",8,null,{"v":2.7027027027027026,"d":"2.7"}]
["Utiliza Pastejo Intensivo",108,null,{"v":36.486486486486484,"d":"36.5"}]
["Faz Inseminação Artificial",3,null,{"v":1.0135135135135136,"d":"1.0"}]
["Faz Mineralização do Rebanho",112,null,{"v":37.83783783783784,"d":"37.8"}]
["Faz Vermifugação do Rebanho",111,null,37.5]
["Possui Parceiros /Arrendatários na Exploração Animal",27,null,{"v":9.121621621621621,"d":"9.1"}]
["Esporte e lazer",1,null,{"v":0.33783783783783783,"d":"0.3"}]
["Extração mineral","-",null,"-"]
["Hotel Fazenda, Pousada ou SPA",1,null,{"v":0.33783783783783783,"d":"0.3"}]
["Pesque-pague",1,null,{"v":0.33783783783783783,"d":"0.3"}]
["Restaurante ou Lanchonete","-",null,"-"]
["Transformação artesanal","-",null,"-"]
["Turismo rural ou ecoturismo","-",null,"-"]
["Outras atividades econômicas rurais",1,null,{"v":0.33783783783783783,"d":"0.3"}]
["Agroindústria",1,null,{"v":0.33783783783783783,"d":"0.3"}]
["Proprietário sem instrução ou com instrução incompleta",3,null,{"v":1.0135135135135136,"d":"1.0"}]
["Proprietário com antigo primário completo",58,null,{"v":19.594594594594593,"d":"19.6"}]
["Proprietário com 1° grau (ou antigo ginasial) completo",26,null,{"v":8.783783783783784,"d":"8.8"}]
["Proprietário com 2° grau (ou antigo colegial) completo",94,null,{"v":31.756756756756758,"d":"31.8"}]
["Proprietário com curso superior completo ",100,null,{"v":33.78378378378378,"d":"33.8"}]
["Pessoa Jurídica",15,null,{"v":5.0675675675675675,"d":"5.1"}]
["Proprietário residente na própria UPA ",34,null,{"v":11.486486486486488,"d":"11.5"}]
["Fonte: Secretaria de Agricultura e Abastecimento, CDRS/IEA, Projeto LUPA."]
[]
["TABELA 135.5 - Área Cultivada, Município de Colina, Estado de São Paulo, 2007/08."]
["CULTURA","N.DE UPAs","MÍNIMO","MÉDIO","MÁXIMO","TOTAL"]
["Cana-de-acucar",248,0.2,{"v":103.76,"d":"103.8"},835.6,{"v":25733.3,"d":"25,733.3"}]
["Laranja",38,0.8,102.3,{"v":771,"d":"771.0"},{"v":3887.3,"d":"3,887.3"}]
["Braquiaria",53,0.5,{"v":47.94,"d":"47.9"},{"v":1200,"d":"1,200.0"},{"v":2540.7,"d":"2,540.7"}]
["Seringueira",68,0.4,{"v":21.44,"d":"21.4"},304.3,{"v":1457.7,"d":"1,457.7"}]
["Gramas",83,0.2,{"v":14.06,"d":"14.1"},{"v":170,"d":"170.0"},{"v":1166.6,"d":"1,166.6"}]
["Soja",14,{"v":2,"d":"2.0"},{"v":66.95,"d":"67.0"},{"v":499,"d":"499.0"},937.3]
["Coloniao",5,{"v":1,"d":"1.0"},{"v":127.56,"d":"127.6"},{"v":495,"d":"495.0"},637.8]
["Sorgo",5,{"v":2,"d":"2.0"},{"v":110.12,"d":"110.1"},{"v":499,"d":"499.0"},550.6]
["Amendoim",4,{"v":35,"d":"35.0"},{"v":90.25,"d":"90.3"},{"v":220,"d":"220.0"},{"v":361,"d":"361.0"}]
["Milho",13,0.5,{"v":13.21,"d":"13.2"},{"v":55,"d":"55.0"},171.7]
["Eucalipto",14,0.4,{"v":3.79,"d":"3.8"},{"v":20,"d":"20.0"},{"v":53,"d":"53.0"}]
["Cafe",2,{"v":2,"d":"2.0"},{"v":21,"d":"21.0"},{"v":40,"d":"40.0"},{"v":42,"d":"42.0"}]
["Urucum (ou urucu)",4,{"v":3,"d":"3.0"},{"v":8.25,"d":"8.3"},{"v":20,"d":"20.0"},{"v":33,"d":"33.0"}]
["Banana",1,{"v":26,"d":"26.0"},{"v":26,"d":"26.0"},{"v":26,"d":"26.0"},{"v":26,"d":"26.0"}]
["Limao",3,0.3,{"v":5.93,"d":"5.9"},{"v":17,"d":"17.0"},17.8]
["Crotalaria",2,{"v":7,"d":"7.0"},7.5,{"v":8,"d":"8.0"},{"v":15,"d":"15.0"}]
["Tangor",1,{"v":10,"d":"10.0"},{"v":10,"d":"10.0"},{"v":10,"d":"10.0"},{"v":10,"d":"10.0"}]
["Viveiro de seringueira",4,0.5,{"v":2.38,"d":"2.4"},{"v":8,"d":"8.0"},9.5]
["Milho-silagem",1,{"v":8,"d":"8.0"},{"v":8,"d":"8.0"},{"v":8,"d":"8.0"},{"v":8,"d":"8.0"}]
["Tangerina",3,0.5,{"v":2.43,"d":"2.4"},{"v":5,"d":"5.0"},7.3]
["Coco-da-baia",2,0.8,2.9,{"v":5,"d":"5.0"},5.8]
["Outras florestais",1,2.5,2.5,2.5,2.5]
["Palmito",1,{"v":2,"d":"2.0"},{"v":2,"d":"2.0"},{"v":2,"d":"2.0"},{"v":2,"d":"2.0"}]
["Fruta-do-conde (ou pinha, ou anona)",1,{"v":2,"d":"2.0"},{"v":2,"d":"2.0"},{"v":2,"d":"2.0"},{"v":2,"d":"2.0"}]
["Pomar domestico",4,0.2,0.5,{"v":1,"d":"1.0"},{"v":2,"d":"2.0"}]
["Manga",2,0.8,0.9,{"v":1,"d":"1.0"},1.8]
["Goiaba",1,0.8,0.8,0.8,0.8]
["Mandioca",1,0.5,0.5,0.5,0.5]
["Horta domestica",1,0.5,0.5,0.5,0.5]
["Capim-napier (ou capim-elefante)",1,0.2,0.2,0.2,0.2]
["Fonte: Secretaria de Agricultura e Abastecimento, CDRS/IEA, Projeto LUPA."]